[Event "16th IRI-chT Super League 2017"]
[Site "Sari"]
[Date "2017.09.15"]
[Round "5"]
[White "Pourkashiyan, Atousa"]
[Black "Sebt Rasoul, Seyede Setare"]
[Result "1-0"]
[WhiteElo "2341"]
[BlackElo "1943"]
[Annotator "TA"]
[PlyCount "49"]
[EventDate "2017.??.??"]
[EventType "team-tourn"]
[EventCountry "IRI"]
[SourceTitle "playchess.com"]
[Source "ChessBase"]
[SourceQuality "1"]

{[%evp 19,49,0,27,33,26,-8,-15,-50,-39,-25,-17,-22,0,-122,-14,-20,50,44,47,12,44,31,30,-18,0,-48,-58,-67,67,71,364,295]} 1. e4 c5 2. Nf3 e6 3. d4 cxd4 4. Nxd4 a6 5. Nc3 Qc7 6. Bd3 Nf6 7. f4 d6 8. Qf3 Be7 {B82: Sicilian Scheveningen: 6 f4} (8... b5 9. g4 Bb7 10. g5 Nfd7 11. Be3 Nc5 12. Bd2 Nbd7 13. b4 Nxd3+ 14. cxd3 g6 15. Rc1 Qd8 16. h4 Bg7 {½-½ (37) Fedorchuk,S (2657)-Van Wely,L (2653) Rabat 2015}) 9. g4 Nc6 10. Nb3 b5 {LiveBook: 3 Games. The position is equal.} (10... d5 $5) 11. g5 Nd7 12. Qh3 $146 ({Predecessor:} 12. Be3 b4 13. Na4 Bb7 14. h4 Na5 15. Nb6 Nxb6 16. Nxa5 {1-0 (36) Antoniewski,R (2417)-Vavra,P (2304) Czechia 1999}) 12... Nc5 13. Bd2 Bd7 14. O-O Nxd3 15. cxd3 h6 16. a4 {[#]} (16. Be3 $11) 16... b4 (16... bxa4 $1 $17 17. Nxa4 e5) 17. Ne2 $11 O-O-O (17... Rc8 $11) 18. g6 $14 fxg6 {[%cal Bf7g6,Bg6g5][%mdl 32]} 19. d4 d5 20. e5 {[%mdl 1024] White has compensation.} Qb6 21. Rfc1 {Threatens to win with Rxc6+!} Kb8 22. Qd3 g5 23. Nc5 Bc8 {[#]} ({Black should try} 23... Bxc5 $1 $15 24. Rxc5 gxf4 25. Nxf4 Rc8) 24. a5 $1 {[%cal Ra5b6][%mdl 512]} Nxa5 $2 {[%mdl 8192]} (24... Qc7 $16) 25. Ra4 {Precision: White = 29%, Black = 25%.} 1-0

[Event "16th IRI-chT Super League 2017"]
[Site "Sari"]
[Date "2017.09.15"]
[Round "5"]
[White "Hosseinzadeh, Nima"]
[Black "Gholami, Aryan"]
[Result "1/2-1/2"]
[WhiteElo "2310"]
[BlackElo "2468"]
[Annotator "TA"]
[PlyCount "148"]
[EventDate "2017.??.??"]
[EventType "team-tourn"]
[EventCountry "IRI"]
[SourceTitle "playchess.com"]
[Source "ChessBase"]
[SourceQuality "1"]

{[%evp 13,147,40,44,16,15,14,27,23,29,9,8,13,40,46,41,33,43,67,56,39,82,88,83,46,128,119,77,119,101,0,17,-57,-58,-57,-52,-66,-68,-77,4,-70,-83,-241,-273,-247,-209,-199,-199,-191,-165,-147,877,851,1123,-104,0,-2,0,0,12,0,0,0,0,0,0,0,0,0,0,0,1,0,0,0,0,0,0,0,0,0,0,0,0,0,0,0,0,0,0,-8,-8,-8,-8,-8,-8,-8,0,-8,-8,-8,-8,-8,-8,-8,0,0,0,0,0,-8,-8,-8,-8,-8,-8,-8,-8,-8,0,0,0,0,0,0,0,0,0,0,0,0,0,0,0,0,0,0]} 1. e4 c5 2. Nf3 Nc6 3. d4 cxd4 4. Nxd4 e5 5. Nb5 a6 6. Nd6+ Bxd6 7. Qxd6 Qe7 8. Qd2 {B32: Sicilian: Löwenthal and Kalashnikov Variations} (8. Qd1 Nf6 9. Nc3 d6 10. Bd3 Be6 11. O-O h6 12. f4 exf4 13. Bxf4 Ne5 14. Be2 Rc8 15. Qd4 Bc4 16. Bd3 O-O 17. a4 Rfe8 {1-0 (82) Motylev,A (2658)-Li,C (2720) Fufeng 2017}) 8... Nf6 9. Nc3 d6 10. b3 {White has an edge.} O-O 11. Bb2 $146 ({Predecessor:} 11. Ba3 Rb8 12. O-O-O Nd4 13. f4 Qc7 14. Bb2 b5 15. Bd3 Bb7 {0-1 (23) Ehrler,E-Roeder,F (2248) Kitzingen 1980}) 11... Be6 12. O-O-O Rfd8 13. Nd5 Bxd5 14. exd5 Nb8 15. f4 Nbd7 16. g3 Rac8 17. Bh3 Rc5 18. Qg2 e4 (18... b5 $14) 19. Rhe1 $1 $16 Re8 20. Bf5 Nb6 21. g4 (21. Qh3 $16 h6 22. Bd4 Nbxd5 23. c4 (23. Bxc5 dxc5 24. Bxe4 Nxe4 $11)) 21... Nbxd5 $11 22. Qd2 (22. Bd4 $11 Ra5 23. Qd2) 22... g6 23. g5 e3 ({But not} 23... gxf5 $2 24. gxf6 Nxf6 25. Qd4 $18) 24. Qd4 gxf5 25. gxf6 Qe4 (25... Qc7 $1 $17 26. c4 Re4) 26. c4 ({Better is} 26. Qxe4 $11 fxe4 27. Ba3) 26... Nxf4 $15 {Strongly threatening ...Rc6.} 27. Qxd6 $2 (27. Qxe4 $17 fxe4 28. Rxe3) 27... Rc6 $19 28. Qd7 {Rd4 would now be nice for White.} Ng6 29. h4 Rce6 $1 {White must now prevent ...e2.} 30. h5 Ne5 31. Rg1+ Ng4 $2 {[%mdl 8192]} (31... Kh8 $17 32. Bxe5 Qxe5 33. Qxf7 Qc3+ 34. Kb1 Qxf6) 32. Rd4 $18 Qf3 {[#]} 33. Qd5 $2 {[#]} ({Only move:} 33. Qxe6 $1 $18 {[%mdl 512]} fxe6 (33... Rxe6 34. Rd8+) 34. Rd7) 33... Qxd5 (33... Re4 $1 $17) 34. cxd5 $11 {The position is equal.} Rd6 $36 {[%mdl 2048] Black is pushing.} 35. Ba3 $1 {[%cal Ra3d6]} Rxf6 36. Rdxg4+ (36. Rf4 {feels hotter.} e2 37. Kd2 Re5 38. Rd4 Re8 39. Ke1) 36... fxg4 37. Rxg4+ {[#]} Rg6 $1 {[%cal Rg6g4][%mdl 512]} 38. hxg6 {[%mdl 4096] Endgame KRB-KR} e2 39. gxh7+ Kxh7 40. Bb4 {And now Be1 would win.} e1=Q+ 41. Bxe1 Rxe1+ {KR-KR} 42. Kd2 Re5 43. Rd4 Kg7 44. d6 {Hoping for d7.} Re8 45. Rb4 Rd8 46. Rxb7 Rxd6+ 47. Ke3 Kf6 48. b4 Ke6 49. b5 axb5 50. Rxb5 Ra6 51. Rb3 Rxa2 52. Kf3 Kf5 53. Rb5+ Kg6 54. Rb3 f5 55. Rc3 Kg5 56. Rb3 Ra4 57. Rc3 Rh4 58. Kg3 f4+ 59. Kg2 Kg4 60. Ra3 Rh7 (60... f3+ $5 61. Rxf3 Rh6 $11) 61. Rc3 Ra7 (61... Re7 $5 {[%cal Re7e3]}) 62. Rb3 Ra2+ 63. Kf1 Rh2 64. Ra3 Rb2 65. Rc3 f3 66. Rc8 Rb4 67. Rg8+ $2 {[%mdl 8192]} (67. Rf8) 67... Kf4 68. Rf8+ Ke3 {[%cal Rb4b1]} 69. Re8+ Re4 70. Rxe4+ Kxe4 71. Kf2 Kf4 {[%cal Be4f4,Bf4g3,Bg3f3][%mdl 32]} 72. Kf1 Kg3 {( -> ...f2)} 73. Kg1 f2+ 74. Kf1 Kf3 {Precision: White = 59%, Black = 64%.} 1/2-1/2

[Event "16th IRI-chT Super League 2017"]
[Site "Sari"]
[Date "2017.09.15"]
[Round "5"]
[White "Afshari, Mohammadreza"]
[Black "Maghsoodloo, Parham"]
[Result "1/2-1/2"]
[WhiteElo "2105"]
[BlackElo "2569"]
[Annotator "TA"]
[PlyCount "76"]
[EventDate "2017.??.??"]
[EventType "team-tourn"]
[EventCountry "IRI"]
[SourceTitle "playchess.com"]
[Source "ChessBase"]
[SourceQuality "1"]

{[%evp 26,76,62,62,63,48,80,84,158,160,197,193,191,154,163,166,219,212,204,210,240,245,241,169,160,152,165,131,151,162,212,199,217,89,74,47,98,98,132,127,126,130,134,124,133,138,133,24,37,24,24,24,24]} 1. e4 g6 2. d4 Bg7 3. c4 d6 4. Nc3 Nf6 5. Be2 O-O 6. Nf3 e5 7. O-O Nc6 8. d5 Ne7 9. b4 a5 10. Ba3 axb4 11. Bxb4 Nd7 12. a4 h6 13. a5 {E97: King's Indian: Classical Main Line (6...e5 7 0-0 Nc6): 8 Be3 and 8 d5 Ne7, not 9 Ne1} f5 14. Nd2 {LiveBook: 13 Games} Rf7 15. Nb3 {White is slightly better.} Nf6 16. f3 $1 f4 $146 (16... Bd7 $142) ({Find the theoretical novelty and annotate with similar games:} 16... g5 17. c5 Ng6 18. cxd6 cxd6 19. Nd2 Bf8 20. Nc4 Nf4 {½-½ (48) Malakhatko,V (2532)-Siebrecht,S (2463) Calvi 2012}) 17. c5 $16 g5 18. cxd6 cxd6 19. Nb5 Ne8 20. Nd2 Ng6 (20... Bd7 $142 21. Nxd6 Nxd6) 21. Nc4 $18 {[%cal Rc4d6]} Bf8 22. Qc2 h5 23. Rfc1 Rb8 24. Ra3 g4 {[#]} 25. Rc3 $1 {Threatens to win with Bxd6!} gxf3 26. Bxf3 {Black must now prevent Ncxd6.} Bg4 {[#]} 27. Qe2 $1 Bxf3 28. Qxf3 ({Don't play} 28. gxf3 Nh4) 28... Qd7 29. Nba3 (29. Qxh5 $18 {is the precise move to win.} Rg7 30. Qh3) 29... Qg4 30. Nd2 {aiming for Qxg4.} Rd8 ({Black should try} 30... b6 $14) 31. Nb5 $16 Nh8 32. Nc7 Nxc7 33. Rxc7 Rfd7 34. h3 Qg6 35. Qd3 Nf7 36. Nf3 (36. Rc8 $16) 36... Ng5 $1 $11 37. Nxg5 Qxg5 38. Qf3 Qg6 {Precision: White = 63%, Black = 50%.} 1/2-1/2

[Event "16th IRI-chT Super League 2017"]
[Site "Sari"]
[Date "2017.09.15"]
[Round "5"]
[White "Ebrahimzadeh, Mohammadnaghi"]
[Black "Mosadeghpour, Masoud"]
[Result "0-1"]
[WhiteElo "1872"]
[BlackElo "2509"]
[Annotator "TA"]
[PlyCount "60"]
[EventDate "2017.??.??"]
[EventType "team-tourn"]
[EventCountry "IRI"]
[SourceTitle "playchess.com"]
[Source "ChessBase"]
[SourceQuality "1"]

{[%evp 10,60,8,-18,-18,-19,-31,-39,-17,-31,-6,-30,-18,-45,-2,-59,-23,-46,-36,-33,-36,-52,-42,-41,-53,-73,-76,-60,-62,-172,-176,-195,-123,-164,-162,-154,-158,-150,-168,-164,-169,-297,-260,-243,-249,-869,-728,-691,-654,-850,-849,-833,-804]} 1. e4 c5 2. Nf3 d6 3. Bb5+ Nd7 4. d4 cxd4 5. Qxd4 a6 6. Ba4 {LiveBook: 3 Games. B51: Sicilian: Moscow Variation (3 Bb5+) without 3...Bd7} (6. Bd3 {with more complications.} e5 7. Qe3 Be7 8. c4 Ngf6 9. Nc3) (6. Bxd7+ Bxd7 7. Nc3 e5 8. Qd3 h6 9. Nd2 Be6 10. Nc4 Rc8 11. Ne3 Nf6 12. O-O Be7 13. Rd1 O-O 14. Bd2 Rc5 15. a4 Qc8 {½-½ (31) Anand,V (2783)-Kasparov,G (2812) Saint Louis 2017}) 6... e5 7. Qd1 Ngf6 8. Nc3 {Black is slightly better.} h6 (8... b5 $5 {[%cal Rb5a4]} 9. Bb3 Be7 $11) 9. O-O b5 $146 ({Predecessor:} 9... Be7 10. b4 O-O 11. h3 Nb6 12. Bb3 Be6 13. Qe2 {0-1 (26) Taylor,R (1848)-Huang,A (1993) Auckland 2017}) 10. Bb3 Bb7 11. Bd5 Bxd5 12. exd5 (12. Nxd5 $11 Nxe4 13. a4 bxa4 14. c3) 12... Nb6 13. a3 Rc8 14. Qd3 Qc7 15. Be3 Nc4 16. Bc1 Be7 17. Nh4 g6 18. Re1 Nb6 {[%cal Bc4b6,Bb6d5,Bd5f4][%mdl 32]} 19. Nxg6 (19. Be3 $15) 19... fxg6 $19 20. Qxg6+ Kd7 ({Better is} 20... Kd8 $19 21. Be3 Nc4) 21. Qf5+ Kd8 22. f4 {[%cal Rf4e5]} Nfxd5 23. Nxd5 Nxd5 24. fxe5 Qxc2 25. Qh5 (25. Qe6 {is a better defense.} Nc7 26. Qh3) 25... Qc5+ 26. Kh1 Qf2 {[%cal Rf2e1] [#]} 27. Bxh6 $2 (27. Qd1) 27... Nf4 {[%csl Gf4][%cal Rf2g2] Black is clearly winning.} 28. Qg4 Rxh6 29. Qg8+ Kd7 30. Qg4+ Ne6 {Precision: White = 38%, Black = 68%.} 0-1

[Event "16th IRI-chT Super League 2017"]
[Site "Sari"]
[Date "2017.10.17"]
[Round "7"]
[White "Idani, Pouya"]
[Black "Veisi, Bardia"]
[Result "1-0"]
[WhiteElo "2572"]
[BlackElo "2321"]
[Annotator "TA"]
[PlyCount "85"]
[EventDate "2017.??.??"]
[EventType "team-tourn"]
[EventCountry "IRI"]
[SourceTitle "playchess.com"]
[Source "ChessBase"]
[SourceQuality "1"]

{[%evp 17,85,4,37,22,37,39,40,21,46,36,42,35,35,35,41,39,41,34,48,39,46,37,53,28,37,40,24,-16,53,52,54,57,67,53,84,47,86,72,104,112,127,108,137,139,130,132,180,201,255,263,351,361,356,287,385,370,659,649,632,619,1004,366,429,376,423,346,1151,1143,1142,1120]} 1. e4 c6 2. d4 d5 3. exd5 cxd5 4. Bf4 Nc6 5. c3 Nf6 6. Nd2 {B13: Caro-Kann: Exchange Variation and Panov-Botvinnik Attack} Bf5 7. Ngf3 e6 8. Qb3 Qc8 9. Nh4 Bg6 {LiveBook: 13 Games} (9... Be4 {is interesting.} 10. f3 Bg6 11. g4 a6 12. Bg3 Qd7) 10. h3 Be7 11. Nxg6 hxg6 12. Bd3 Bd8 13. Qd1 $146 Bc7 14. Be3 Qd7 15. Qe2 O-O-O 16. O-O-O Kb8 17. Kb1 Rc8 18. g4 Bd6 19. f4 Qc7 20. Qf2 Nd7 21. Rc1 Nb6 22. b3 Qe7 ({Black should try} 22... Nd7 $11) 23. Nf3 $14 Rc7 24. h4 {[%cal Bh3h4,Bh4h5][%mdl 32]} Nc8 25. Rc2 f5 26. Ne5 Qe8 27. Qg1 Bf8 {[#]} 28. h5 $1 Nxe5 29. dxe5 b6 30. hxg6 Rxh1 31. Qxh1 Qxg6 32. gxf5 exf5 33. Qxd5 Bc5 34. Bxc5 Rxc5 35. Qd7 Qg1+ 36. Kb2 g6 $2 (36... Qg4 37. Qxf5 Qxf5 38. Bxf5 Ne7) 37. Ba6 $18 {[%csl Ga6][%cal Rd7b7] [#]} Rc7 38. Qd4 Qe1 39. Be2 $2 (39. Re2 Qh4 40. e6) 39... Qg3 40. Bf1 g5 41. Bg2 {Threatens to win with Qd5.} Qxf4 $2 (41... b5 42. fxg5 Qxg5) 42. Qd5 {[%csl Gg2][%cal Rd5a8]} Re7 43. Rd2 {Precision: White = 67%, Black = 24%.} 1-0

[Event "16th IRI-chT Super League 2017"]
[Site "Sari"]
[Date "2017.10.17"]
[Round "7"]
[White "Darini, Pouria"]
[Black "Jamshidi, Amir Hossein"]
[Result "1-0"]
[WhiteElo "2481"]
[BlackElo "2224"]
[Annotator "TA"]
[PlyCount "73"]
[EventDate "2017.??.??"]
[EventType "team-tourn"]
[EventCountry "IRI"]
[SourceTitle "playchess.com"]
[Source "ChessBase"]
[SourceQuality "1"]

{[%evp 18,73,23,21,23,21,21,30,37,38,35,8,100,81,77,64,93,42,119,111,239,231,229,241,248,248,234,243,272,271,261,274,274,34,264,267,252,263,273,268,254,261,303,292,600,594,614,555,629,617,791,791,789,760,747,768,795,794]} 1. e4 e5 2. Nc3 Nf6 3. g3 d5 4. exd5 Nxd5 5. Bg2 Nxc3 6. bxc3 Bd6 7. Nf3 O-O 8. O-O Re8 {C26: Wiener Partie} (8... Nc6 9. d3 Bg4 10. h3 Bh5 11. Rb1 Rb8 12. g4 Bg6 13. Ng5 h6 14. Ne4 Ne7 15. c4 b6 16. Be3 f5 17. gxf5 Nxf5 18. Qg4 Nh4 19. Kh1 Bf5 {0-1 (90) Mamedov,R (2650)-Ponomariov,R (2712) Huaian 2016}) 9. d3 Nc6 10. Rb1 {LiveBook: 3 Partien} Bc5 $146 {Die Stellung ist ausgeglichen.} ({Vorgänger:} 10... h6 11. Nd2 Na5 12. Re1 Rb8 13. c4 b6 14. Bb2 Bb7 15. Bxb7 Nxb7 16. Qh5 Bb4 17. Rbd1 {0-1 (85) Urazayev,A (2365)-Sivuk,V (2540) New Delhi 2017}) 11. Ng5 h6 12. Ne4 Bf8 13. Be3 Rb8 14. g4 f5 (14... Be7 $11) 15. gxf5 Bxf5 16. f4 Qd7 17. Qh5 exf4 (17... Kh8 $14) 18. Rxf4 $16 Be6 {[#]} (18... Bh7 $16 {war nötig.}) 19. Rbf1 $1 $18 Be7 20. Nc5 Bxc5 21. Bxc5 (21. Qxc5 Kh8 $16) 21... b6 22. Be4 {Und Dg6 würde nun gewinnen.} Ne7 ({Jedoch nicht} 22... bxc5 $2 23. Qg6 $18) 23. Bd4 Rf8 {beabsichtigt ...Txf4.} 24. Qe5 {[%csl Gd4][%cal Re5g7]} Nd5 25. Rxf8+ $40 {[%mdl 128] Weiss hat einigen Angriff.} Rxf8 26. Bh7+ $1 Kxh7 27. Rxf8 {Droht De4+ und aus.} Nf6 28. Qf4 Qe7 {[#]} 29. Rb8 $1 ({Schwächer ist} 29. Bxf6 Qxf8 30. Qe4+ Kh8 $11) 29... Bh3 {( -> ...De1+)} 30. Qe3 Qd7 $2 (30... Be6 31. Rb7 Qf7 32. Rxa7 Qg6+ 33. Kf1 (33. Qg3 Qh5 $18) 33... Bg4) 31. Bxf6 {Weiß steht klar auf Gewinn.} gxf6 {[%mdl 4096] Endspiel KDT-KDL} 32. Re8 {zielt auf Te7+ ab.} Qf5 {[%csl Gh3][%cal Rf5f1]} 33. Qe4 c5 34. Re7+ Kg6 35. Qxf5+ Bxf5 36. Rxa7 c4 37. dxc4 {Precision: Weiß = 92%, Schwarz = 45%.} 1-0

[Event "16th IRI-chT Super League 2017"]
[Site "Sari"]
[Date "2017.10.17"]
[Round "7"]
[White "Alavi, Sayed Javad"]
[Black "Lorparizangeneh, Shahin"]
[Result "1/2-1/2"]
[WhiteElo "2467"]
[BlackElo "2486"]
[Annotator "TA"]
[PlyCount "65"]
[EventDate "2017.??.??"]
[EventType "team-tourn"]
[EventCountry "IRI"]
[SourceTitle "playchess.com"]
[Source "ChessBase"]
[SourceQuality "1"]

{[%evp 22,65,-12,0,0,0,0,-14,-6,-15,-8,-19,-18,-27,-18,-22,0,0,0,0,0,0,0,0,0,0,0,0,0,-18,-18,-18,0,-6,9,-7,-7,-18,-18,-18,-18,-18,0,-24,0,-26]} 1. d4 Nf6 2. c4 g6 3. Nc3 d5 4. cxd5 Nxd5 5. e4 Nxc3 6. bxc3 Bg7 7. Nf3 c5 8. Be2 Nc6 9. Be3 Bg4 10. e5 cxd4 {D85: Exchange Grünfeld: Unusual White 7th moves and lines with 7 Nf3} 11. cxd4 Qa5+ 12. Qd2 {LiveBook: 4 Games} O-O (12... Qxd2+ 13. Nxd2 Be6 14. Bf3 Rd8 15. Bxc6+ bxc6 16. Nb3 Rb8 17. O-O O-O 18. Nc5 {½-½ (47) Chojnacki,K (2364)-Plat,V (2539) Poronin 2017}) 13. Qxa5 Nxa5 14. Nd2 {[%cal Bf3d2,Bd2e4,Be4c5][%mdl 32]} Be6 $146 ({Predecessor:} 14... Bxe2 15. Kxe2 f5 16. f3 Rac8 17. Rhc1 b6 18. Kd3 Kf7 19. g4 {0-1 (54) Ciampi,V (2123)-Ljubisavljevic,Z (2219) Campobasso 2013}) 15. O-O Rfd8 16. Ne4 Rac8 17. Nc5 Bd5 18. Rfc1 Rc7 19. Nd3 Rxc1+ 20. Rxc1 Bc4 21. Kf1 Bxd3 22. Bxd3 Bxe5 23. dxe5 {[#] aiming for Bb5.} Rxd3 $11 {[%mdl 4096] Endgame KRB-KRN} 24. Rc7 Kf8 25. Bc5 Nc6 $1 26. Rxb7 Rd5 27. Bxa7 Rd1+ 28. Ke2 Ra1 29. Be3 Rxa2+ 30. Kf1 Ra1+ 31. Ke2 Ra2+ 32. Kf1 Ra1+ 33. Ke2 {Precision: White = 54%, Black = 76%.} 1/2-1/2

[Event "16th IRI-chT Super League 2017"]
[Site "Sari"]
[Date "2017.10.17"]
[Round "7"]
[White "Golizadeh, Asghar"]
[Black "Javanbakht, Nima"]
[Result "1/2-1/2"]
[WhiteElo "2466"]
[BlackElo "2427"]
[Annotator "TA"]
[PlyCount "90"]
[EventDate "2017.??.??"]
[EventType "team-tourn"]
[EventCountry "IRI"]
[SourceTitle "playchess.com"]
[Source "ChessBase"]
[SourceQuality "1"]

{[%evp 26,90,0,-6,18,0,0,-10,0,-32,12,0,1,-6,0,0,4,-10,8,-6,-21,-20,-23,-18,-19,-18,-13,-21,-26,-21,36,-69,-67,-56,-65,-56,-16,-31,0,-80,-71,-106,-108,-92,-101,-100,-72,-71,-69,-163,0,-34,0,0,0,-38,-49,-43,0,-7,0,-48,0,0,0,-45,-48]} 1. Nf3 c5 2. c4 Nf6 3. Nc3 Nc6 4. g3 d5 5. cxd5 Nxd5 6. Bg2 Nc7 7. O-O e5 8. d3 Be7 9. Nd2 Bd7 10. Nc4 f6 11. a4 O-O 12. f4 exf4 13. Bxf4 Ne6 {A34: Symmetrical English: 2 Nc3, lines with ...d5} 14. Bd2 {LiveBook: 7 Games} Kh8 {[#]} 15. Rc1 $146 ({Predecessor:} 15. Nd5 Rb8 16. Bc3 Ng5 17. h4 Nf7 18. e3 Nh6 19. Rf4 Be6 20. Qf3 Qd7 21. Rf1 {½-½ (32) Gulko,B (2560)-Yudasin,L (2580) Seville 1992}) 15... Be8 {The position is equal.} 16. Nd5 Rc8 17. e4 Ncd4 18. Nce3 Bd6 19. Kh1 Bc6 20. Bc3 Qe8 21. a5 Be5 22. b4 Ba4 23. Qe1 Bb5 24. Nc4 Bxc4 25. dxc4 Nc6 26. b5 Bxc3 27. Qxc3 Ncd4 (27... Ne5 $11) 28. e5 (28. Qe3 $14) 28... Ne2 $36 {[%mdl 2048] Black has good play.} 29. Qe3 Nxc1 30. exf6 {[#]} Nb3 $1 31. Qxb3 {Black must now prevent Qe3.} Nd4 32. Qb1 {[#]} (32. Qd1 $11 {remains equal.} gxf6 33. Re1) 32... gxf6 $1 $17 33. Nxf6 {[%csl Gf6][%cal Rb1h7]} Qe7 34. Nd5 Rxf1+ 35. Qxf1 Qf8 36. Nf4 Qg7 37. Qe1 {[#]} (37. Nh5 $15 Qe7 38. Bd5) 37... Rd8 $2 (37... Nc2 $1 $19 {[%cal Rc2e1]} 38. Qf2 Qd4 39. Qxd4+ cxd4) 38. Bd5 b6 39. axb6 axb6 40. Kg2 Rf8 {...Rxf4 is the strong threat.} 41. Qe4 Rf5 42. Qe8+ Rf8 43. Qe4 Rf5 44. Qe8+ Rf8 45. Qe4 Qf6 {Precision: White = 26%, Black = 48%.} 1/2-1/2

[Event "16th IRI-chT Super League 2017"]
[Site "Sari"]
[Date "2017.10.17"]
[Round "7"]
[White "Rastbod, Ali"]
[Black "Asgarizadeh, Ahmad"]
[Result "0-1"]
[WhiteElo "2363"]
[BlackElo "2415"]
[Annotator "TA"]
[PlyCount "140"]
[EventDate "2017.??.??"]
[EventType "team-tourn"]
[EventCountry "IRI"]
[SourceTitle "playchess.com"]
[Source "ChessBase"]
[SourceQuality "1"]

{[%evp 11,140,6,18,2,6,0,0,0,0,-15,-4,-8,5,5,0,0,18,0,0,-51,-37,-34,-39,-50,-55,-49,-35,-45,-27,-26,-22,-32,-25,-25,-4,-17,-16,-27,-19,-18,-20,-20,-7,-20,-9,-45,0,-5,7,0,6,-10,25,-13,10,8,49,6,27,4,0,0,10,-16,-11,-22,-21,-14,-18,-38,-28,-41,-33,-52,-54,-66,-66,-62,-41,-105,0,-225,-216,-230,-233,-227,-224,-220,-228,-234,-223,-229,-181,-393,-204,-251,-189,-229,-214,-384,-378,-415,-414,-397,-385,-399,-295,-595,-546,-591,-556,-630,-607,-685,-567,-679,-614,-796,-686,-929,-713,-755,-749,-726,-749,-864,-858,-847,-829,-1184,-1162]} 1. c4 e5 2. Nc3 Nf6 3. Nf3 Nc6 4. g3 Nd4 5. Bg2 Nxf3+ 6. Bxf3 Bc5 7. d3 {A29: English Opening: Four Knights Variation with 4 g3} (7. Na4 Be7 8. Qb3 c6 9. O-O d5 10. cxd5 cxd5 11. d3 h6 12. Nc3 Be6 13. Qxb7 O-O 14. Qa6 Rb8 {½-½ (60) Nepomniachtchi,I (2705)-Naiditsch,A (2689) Reykjavik 2015}) 7... c6 8. Qb3 $146 ({Predecessor:} 8. O-O O-O 9. Bg2 h6 10. Qb3 Re8 11. e3 d6 12. Na4 a5 13. Bd2 Ba7 14. Rac1 b5 {½-½ (27) Minasian,A (2460)-Hovhannisyan,R (2439) Gyumri 2009}) 8... h6 9. O-O {The position is equal.} O-O 10. e3 Re8 11. Rd1 Bf8 12. Bg2 d6 13. e4 Qc7 14. Rf1 Be6 15. f4 (15. a4 $11) 15... b5 $15 16. f5 bxc4 17. Qa4 Bd7 18. Qxc4 Rec8 19. Kh1 Qd8 20. Qa4 {[#]} d5 $1 {[%mdl 512]} 21. Qd1 (21. exd5 cxd5) 21... Be8 22. Qe2 Qd6 23. Re1 Bd7 24. Bd2 d4 25. Nb1 {[%cal Bc3b1,Bb1d2,Bd2c4][%mdl 32]} Qb8 26. Bc1 a5 {[%cal Ba7a5,Ba5a4][%mdl 32]} 27. Rf1 a4 28. Nd2 Nh7 29. Nc4 Be7 30. Bf3 Bf6 31. Bh5 Rc7 32. h4 Qd8 33. Bd2 Qe7 34. Rac1 Rb8 35. Rc2 c5 36. Na5 Bb5 37. Rfc1 Nf8 {[%cal Bh7f8,Bf8d7,Bd7b6][%mdl 32]} 38. Be1 Nd7 39. Nc4 Ba6 40. Na3 Rcb7 41. Kg2 Qd6 42. Kh3 Be7 43. Rb1 Nb6 {And now ...c4! would win.} 44. Rd1 Rd7 45. Qf3 (45. Qg2 $15) 45... Rdb7 (45... g6 $17 46. fxg6 fxg6) 46. Ba5 $2 {[#]} (46. Qe2 $1 $11) 46... g6 $1 $19 47. Bg4 {[#]} h5 $1 {[%cal Rh5g4]} 48. Bxh5 gxh5 49. Qxh5 Nd7 50. Qg4+ Kf8 51. Qh5 {[%cal Rh5h8]} Bf6 52. Rdd2 $2 (52. Qe2) 52... Ke7 (52... Bb5 $142 53. g4 Ra8) 53. Qf3 Rh8 54. Rh2 Bg5 55. Bd2 $2 (55. Be1) 55... Bxd2 56. Rcxd2 Qh6 57. Rc2 Rg8 58. Rhg2 Kd6 59. Rce2 $2 (59. Nc4+ {might work better.} Bxc4 60. Rxc4) 59... Qc1 {Hoping for ...Qh1+.Black is clearly winning.} 60. g4 Qd1 61. Rg3 Rgb8 62. h5 f6 {[%cal Bf7f6,Bf6g5][%mdl 32]} 63. g5 fxg5 64. f6 Rf8 65. f7 Ke7 66. Rf2 Qxf3 67. Rgxf3 Rb6 68. Kg4 Rf6 69. Rxf6 Nxf6+ 70. Kf5 Rxf7 {Precision: White = 30%, Black = 58%.} 0-1